| 000 | 00446nam a22001697a 4500 | ||
|---|---|---|---|
| 020 | _a978-93-5049-712-8 | ||
| 082 |
_a823 _bBAN/R |
||
| 100 | _aBANSAL, SUNITA PANT | ||
| 245 | _aLOVELY FAIRY TALES | ||
| 246 | _aTHE ROSE FAIRIES AND OTHER STORIES | ||
| 246 | _aTHE TALKING HORSE AND OTHER STORIES | ||
| 260 |
_aMUMBAI _bSHREE BOOK CENTRE _c2017 |
||
| 300 | _a30 | ||
| 520 | _aILLUSTRATED STORIES | ||
| 650 | _aILLUSTRATED STORIES | ||
| 942 | _cBK | ||
| 999 |
_c3405 _d3405 |
||